Quizzes
Events
Quiz Creation
Community
Videos
Private Events
Remove Ads
Sign In
Join for FREE
Feedback
Dark Mode
Quiz Categories
Sports
Geography
Music
Movies
Television
Just For Fun
Miscellaneous
History
Literature
Language
Science
Gaming
Entertainment
Religion
Holiday
For Kids
Quiz Lab
Recent
Popular Today
Quiz Kudos Today
Editor Picks
Curator Picks
Quizzes by...
Day
Popularity
Type
Ratings
Length
Year
Community
Subscriptions
Recent Discussions
Orange Saloon
Badges
Playlists
Quests
Create
Leaderboards
Showdown
Live 5
Trivia Bingo
Activity
Puzzle Library
Sporcle Events
Private Events
Virtual Trivia
Globe League
Become a Host
Pub Owners
SporcleCon
Opinionation
Our Games
Videos
Blog
Mobile Apps
Partnerships
Remove Ads and Go Orange
Feedback
Sports
Athletes
MLB
NBA
NHL
NFL
Soccer
Sports Teams
WWE
NCAA
Football
Premier League
Basketball
Baseball
Hockey
Golf
Tennis
Cricket
Rugby
Auto Racing
Olympics
World Cup
Sports
Athletes
MLB
NBA
NHL
NFL
Soccer
Sports Teams
WWE
NCAA
Football
Premier League
Basketball
Baseball
Hockey
Golf
Tennis
Cricket
Rugby
Auto Racing
Olympics
World Cup
Random Quiz
Search Sporcle
×
Quiz Lab
Quiz Lab
Sports
Basketball
Type in answers that appear in a list
Type in answers that appear in a list
Classic
Best Score? Go Orange.
ESPN All-Time NBA Rank Stats
Can you name ESPN's Top 100 NBA Players All Time?
By
JEleff
15m
100 Questions
1,363 Plays
1,363 Plays
1,363 Plays
Comments
Comments
Give Quiz Kudos
Give Quiz Kudos
-
- Ratings
hide this ad
Replay
Link that replays current quiz
Next Quiz
Link to next quiz in quiz playlist
You Got
0%
They Got
Avg Score
63%
Avg Friend Score
Upgrade to see
Score Distribution
Jump to the score distribution portion of the page
Score
0/100
Timer
15:00
0
Plays Today
Hint
Player
% Correct
Shooting Guard (1984-
93, 1995-
98, 2001-
03)
Michael Jordan
98.8%
Small Forward (2003-
Present)
Lebron James
96.2%
Center (1969-
1989)
Kareem Abdul-Jabbar
94.1%
Point Guard (1979-
1996)
Magic Johnson
93.7%
Center (1959-
1973)
Wilt Chamberlain
92.6%
Small Forward (1979-
1992)
Larry Bird
91%
Center (1992-
2011)
Shaquille O'Neal
91%
Center (1956-
1969)
Bill Russell
90.4%
Point Guard (1976-
1990)
Dennis Johnson
89.9%
Shooting Guard (1996-
Present)
Kobe Bryant
89.6%
Power Forward (1997-
Present)
Tim Duncan
89.6%
Shooting Guard (1960-
1974)
Jerry West
88.1%
Center (1984-
2002)
Hakeem Olajuwon
85.9%
Small Forward (2007-
Present
Kevin Durant
85.4%
Point Guard (2009-
Present)
Stephen Curry
84.5%
Point Guard (1960-
1974)
Oscar Robertson
83.2%
Power Forward (1985-
2004)
Karl Malone
83%
Power Forward (1998-
Present)
Dirk Nowitzki
83%
Center (1974-
1995)
Moses Malone
82.8%
Shooting Guard (2003-
Present)
Dwyane Wade
81%
Power Forward (1995-
Present)
Kevin Garnett
80.3%
Center (2001-
Present)
Pau Gasol
80.2%
Small Forward (1987-
2003)
Scottie Pippen
79.1%
Center (1989-
2003)
David Robinson
78.1%
Point Guard (1984-
2003)
John Stockton
77.8%
Point Guard (2008-
Present)
Russell Westbrook
77.2%
Point Guard (1996-
2015)
Steve Nash
77%
Small Forward (1971-
1987)
Julius Erving
76.5%
Shooting Guard (1996-
2010)
Allen Iverson
74.5%
Shooting Guard (1996-
2014)
Ray Allen
74.1%
Small Forward (1965-
1976)
Billy Cunningham
73.8%
Power Forward (1984-
2000)
Charles Barkley
73.5%
Point Guard (2005-
Present)
Chris Paul
73.5%
Small Forward (1998-
Present)
Paul Pierce
72.5%
Hint
Player
% Correct
Point Guard (1981-
1994)
Isiah Thomas
72.4%
Center (1985-
2002)
Patrick Ewing
72%
Shooting Guard (1998-
Present)
Vince Carter
71.7%
Small Forward (2003-
Present)
Carmelo Anthony
70%
Shooting Guard (2009-
Present)
James Harden
68.8%
Point Guard (2002-
Present)
Tony Parker
68.3%
Power Forward (1986-
2000)
Dennis Rodman
68.3%
Small Forward 1958-
1971)
Elgin Baylor
67.4%
Point Guard (1950-
1970)
Bob Cousy
67.1%
Center (2004-
Present)
Dwight Howard
67.1%
Power Forward (2003-
Present)
Chris Bosh
66.9%
Shooting Guard (1997-
2012)
Tracy McGrady
66.1%
Small Forward (1962-
1978)
John Havlicek
65.9%
Power Forward (1980-
1993)
Kevin McHale
65.7%
Shooting Guard (1984-
1998)
Clyde Drexler
65.2%
Center (2008-
Present)
Marc Gasol
63.6%
Point Guard (1994-
2013)
Jason Kidd
63.4%
Point Guard (1990-
2007)
Gary Payton
62.4%
Shooting Guard (1987-
2005)
Reggie Miller
62.2%
Shooting Guard (2002-
Present)
Manu Ginobili
61.7%
Power Forward (1954-
1965)
Bob Pettit
61.3%
Small Forward (1982-
1994)
James Worthy
61.3%
Power Forward (2008-
Present)
Kevin Love
60.5%
Small Forward (1982-
1999)
Dominique Wilkins
60.2%
Center (2002-
2011)
Yao Ming
60.1%
Center (1947-
1954)
George Mikan
59.2%
Center (1976-
1997)
Robert Parish
59.1%
Shooting Guard (1975-
1984)
David Thompson
58%
Power Forward (2009-
Present)
Blake Griffin
55.5%
Power Forward (1974-
1986)
Bobby Jones
55.1%
Shooting Guard (1957-
1969)
Sam Jones
55.1%
Small Forward (1972-
1986)
George Gervin
54.4%
Point Guard (1967-
1980)
Walt Frazier
53.9%
Power Forward (1989-
2003)
Shawn Kemp
53.8%
Hint
Player
% Correct
Power Forward (1968-
1981)
Elvin Hayes
53.8%
Center (1991-
2009)
Dikembe Mutombo
53.2%
Center (1974-
1987)
Bill Walton
53.1%
Small Forward (1965-
1980)
Rick Barry
52.7%
Shooting Guard (1985-
1999)
Joe Dumars
50.6%
Power Forward (1993-
2007)
Chris Webber
50.1%
Center (1964-
1974)
Willis Reed
49.7%
Shooting Guard (1970-
1980)
Pete Maravich
49.7%
Point Guard (1997-
2013)
Chauncey Billups
49.7%
Small Forward (1976-
1991)
Alex English
49.5%
Center (1968-
1981)
Wes Unseld
48.3%
Center (1992-
2004)
Alonzo Mourning
48.1%
Small Forward (1985-
2000)
Chris Mullin
47.6%
Center (1970-
1983)
Dave Cowens
46.4%
Small Forward (1994-
2013)
Grant Hill
45.2%
Center (1972-
1986)
Bob McAdoo
43.6%
Small Forward (1977-
1993)
Bernard King
41.7%
Point Guard (1970-
1984)
Nate Archibald
40.6%
Shooting Guard (1967-
1980)
Earl Monroe
38.4%
Point Guard (1986-
1998)
Mark Price
37.3%
Small Forward (1976-
1991)
Adrian Dantley
36.8%
Power Forward (1949-
1964)
Dolph Schayes
35.3%
Point Guard (1960-
1975)
Lenny Wilkens
34.8%
Center (1970-
1984)
Bob Lanier
33.4%
Power Forward (1963-
1977)
Nate Thurmond
32.6%
Power Forward (1963-
1974)
Jerry Lucas
32.6%
Shooting Guard (1965-
1979)
Gail Goodrich
32.3%
Center (1971-
1988)
Artis Gilmore
32.3%
Point Guard (1978-
1993)
Maurice Cheeks
30.8%
Small Forward (1950-
1962)
Paul Arizin
30.1%
Power Forward (1962-
1974)
Dave DeBusschere
29.5%
Shooting Guard (1979-
1991)
Sidney Moncrief
28.1%
Quiz Playlist
Details
Report
Send in Message
Add To Playlist
Classic:
Type in answers that appear in a list
Quiz Source
Last Updated: Sep 15, 2017
Quiz Scoreboard
CHALLENGE
Sign Up to Join the Scoreboard
Show All
Scores
Hide
Comments
May contain spoilers
Recently Published
College Basketball Coaching Resumes
by pancakes188
Sports
9m
Billboard Blitz: Fleetwood Mac
by CooCooCachoo
Music
15s
Presidents Visiting Landmarks
by Hejman
History
7m
More to Explore
Quiz From the Vault
Featured Blog Post
Where Did the Easter Bunny Come From?
hide this ad
You Might Also Like...
Tags
Basketball Quiz
NBA Quiz
ESPN
Rankings
US Sports
Today's Top Quizzes in Sports
Browse Sports
hide this ad
Today's Top Quizzes in Basketball
Browse Basketball
Top Contributed Quizzes in Sports
1
Les meilleurs buteurs des matchs entre le PSG et l’OM
2
2022 World Cup Stars
3
FIFA Club World Cup Champions
4
Les entraîneurs de l'OM et du PSG au 21e siècle
5
Criteria MLB: Left Handed Sluggers
6
AFC Teams Reveal (Wrong Answers Minefield)
7
5-to-1: UK Sports Teams
8
Name the Premier League winners with different clubs
9
5-to-1: FBS Animal Nicknames
10
Players with Multiple 50 Home Run Seasons
Explore More
Trending Topics
Kpop
Anime
Crossword
Marvel
Harry Potter
Disney
NBA
The Office
Country
Soccer
NFL
Song
WWE
Pokémon
Puzzle
hide this ad
More By:
JEleff
Quiz
Plays
Rating
Category
Featured
Created
ESPN All-Time NBA Rank
1,363
3.44
Sports
Feb 10, 2016
The Five Towns
24
1.00
Geography
Feb 28, 2011
Baseball Teams with an 'F'
14
2.00
Sports
Oct 14, 2019
Go to Creator's Profile
Score Distribution
Quiz Creator Spotlight
JEleff
Follow
Send a Message
Quizzes Created
-
Created Quiz Play Count
-
More By This Creator
Popular Quizzes Today
1
Find the US States - No Outlines Minefield
2
Find the Countries of Europe - No Outlines Minefield
3
The Countries of the World
4
Find the US States
5
Risky Map Clicking: Biggest States A-Z
6
US States
7
Popular People in 1961
8
Movies - When Are They Set?
More Sports Quizzes
Profile: Bill Russell
Published
Trending Quizzes
Risky Map Clicking: Least Populous States A-Z
1-10 Letter G Words
1-10 Letter F Words
Risky Map Clicking: Next State Alphabetically
Click the Washington State Counties! (Map)
Recently Updated
Leaping Animals
pecheneg
Reality TV Shows (A-Z)
bhenderson79
Rickey Henderson's Hall of Fame Teammates
pecheneg
Champions League XIs: Arsenal
pecheneg
Quick Pick: Celebrities in WWE's Hall of Fame
aduchscher
A-Z Keypad Blitz II
pecheneg
Multiple Oscar Actors
pecheneg
Mystery Phrase Blitz: Oscar 'Best Actors'
pecheneg
F. Scott Fitzgerald Novels
LTH
Pick 3 Villains
ddd62291
Trending Topics
Harry Potter
Kpop
Marvel
NBA
Crossword
Anime
Disney
NFL
Soccer
Song
Puzzle
Pokémon
Country
WWE
The Office
Your Account Isn't Verified!
In order to create a playlist on Sporcle, you need to verify the email address you used during registration. Go to your
Sporcle Settings
to finish the process.
Report this User
Report this user for behavior that violates our
Community Guidelines
.
Details:
Send Report
Go to the Sporcle.com Mobile Site →
Comments